000 00956nam a2200229Ia 4500
001 9620
003 GE_BSU
008 181216s||||||||xx |||||||||||||| ||und||
040 _cGE_BSU
080 _a821.353.1-4+351.74(479.22)
100 _aმელაშვილი,კოტე
245 _aვაჟკაცსა გული რკინისა
245 _bმხატვრული ნარკვევები მილიციის მუშაკებზე
245 _cრედ:რ.ორჯონიკიძე;მხატვ:ვ.ხიდაშელი
260 _aთბილისი.
260 _bსაბჭ.საქართველო
260 _c1967
300 _a131გვ;20სმ.
653 _aვაჟკაცსა გული რკინისა
653 _aმხატვრული ნარკვევები მილიციის მუშაკებზე
942 _cBK
999 _c42904
_d42904